Detalles MARC
| 000 -LIDER |
| fixed length control field |
01337nam a2200373 u 4500 |
| 001 - NÚMERO DE CONTROL |
| Identificador de número de control |
000020472 |
| 003 - IDENTIFICACDOR DE NÚMERO DE CONTROL |
| control field |
DO-SdBNP |
| 005 - DATE AND TIME OF LATEST TRANSACTION |
| control field |
20171108083645.0 |
| 007 - CAMPOS FIJOS DE DESCRIPCIÓN FÍSICA |
| fixed length control field |
000020472 |
| 008 - ELEMENTOS DE LONGITUD FIJA |
| fixed length control field |
100809s1993 dr r 000 0 spa d |
| 040 ## - FUENTE DE CATALOGACIÓN |
| Agencia que crea de manera original el registro |
BPMSU |
| Idioma de catalogación |
spa |
| Agencia que realiza la transcripción |
BPMSU |
| 082 04 - NÚMERO DE CLASIFICACIÓN DECIMAL DE DEWEY |
| Classification number |
RD862.44 |
| Item number |
D671o |
| 100 1# - ASIENTO PRINCIPAL -- NOMBRE PERSONAL |
| Nombre personal |
Domínguez, Franklin |
| Fechas asociadas con el nombre |
1931- |
| 245 10 - MENCIÓN DE TITULO |
| Título |
Obras premiadas / |
| Mención de responsabilidad |
Franklin Domínguez. ; edición Avelino Stanley |
| 260 ## - PUBLICACIÓN, DISTRIBUCIÓN, ETC. (PIE DE IMPRENTA) |
| Lugar de publicación, distribución, etc |
Santo Domingo : |
| Nombre del editor, distribuidor, etc. |
Biblioteca Nacional, |
| Fecha de publicación, distribución, etc |
1993. |
| 300 ## - DESCRIPCIÓN FÍSICA |
| Extensión |
313 p. ; |
| Dimensiones |
22 cm. |
| 490 1# - MENCIÓN DE SERIES |
| Mención de serie |
Publicaciones de la Biblioteca Nacional. Orfeo |
| 490 1# - MENCIÓN DE SERIES |
| Mención de serie |
Teatro |
| Volume/sequential designation |
2 |
| 500 ## - NOTA GENERAL |
| Nota general |
Incluye datos biográficos del autor en la solapa de la cubierta |
| 500 ## - NOTA GENERAL |
| Nota general |
2da. etapa |
| 505 ## - NOTA DE CONTENIDO |
| Texto normalizado de contenido |
Los borrachos -- |
| Título |
El primer voluntari de junio -- |
| -- |
Lisístrata odia la política -- |
| -- |
Drogas-- |
| -- |
Omar y los demás |
| 650 #4 - ENCABEZAMIENTO DE MATERIA--TEMÁTICO |
| Término temático o nombre geográfico como elemento de entrada |
TEATRO DOMINICANO |
| 650 #4 - ENCABEZAMIENTO DE MATERIA--TEMÁTICO |
| Término temático o nombre geográfico como elemento de entrada |
LITERATURA DOMINICANA |
| 700 1# - ASIENTO SECUNDARIO -- NOMBRE PERSONAL |
| Término de relación |
Stanley, Avelino |
| Nombre personal |
ed. |
| 830 #0 - ASIENTO SECUNDARIO DE SERIE--TÍTULO UNIFORME |
| Título uniforme |
Publicaciones de la Biblioteca Nacional . Orfeo |
| 830 #0 - ASIENTO SECUNDARIO DE SERIE--TÍTULO UNIFORME |
| Título uniforme |
Teatro |
| Número de la parte o sección de una obra |
; 2 |
| 910 ## - VALIDACIÓN |
| Validación |
Validado. Control de calidad MFF |
| 930 #1 - EQUIVALENCE OR CROSS-REFERENCE-UNIFORM TITLE HEADING [LOCAL, CANADA] |
| Language of a work |
BND01 |
| Medium of performance for music |
LF1 |
| Field link and sequence number |
20110303 |
| Date of a work |
01 |
| Name of part/section of a work |
CT |
| Miscellaneous information |
17152 |
| 942 ## - ADDED ENTRY ELEMENTS (KOHA) |
| Source of classification or shelving scheme |
Dewey Decimal Classification |
| Koha item type |
Libros |
| 945 ## - INFORMACIÓN DE PROCESAMIENTO LOCAL |
| Información de procesamiento local |
Inventariado, 2017/MFF |
| 956 ## - LOCAL ELECTRONIC LOCATION AND ACCESS (OCLC) |
| Nombre de host |
IGARCIA |
| Número de acceso |
10 |
| Información de compresión |
20100810 |
| Inicio de sesión |
BND01 |
| Procesador de solicitud |
1513 |
| 956 ## - LOCAL ELECTRONIC LOCATION AND ACCESS (OCLC) |
| Nombre de host |
VMATEO |
| Número de acceso |
10 |
| Información de compresión |
20150306 |
| Inicio de sesión |
BND01 |
| Procesador de solicitud |
00151 |
| 956 ## - LOCAL ELECTRONIC LOCATION AND ACCESS (OCLC) |
| Nombre de host |
VMATEO |
| Número de acceso |
10 |
| Información de compresión |
20150712 |
| Inicio de sesión |
BPMSU |
| Procesador de solicitud |
00151 |